Dexter Trivia #2 - Statistics

General Stats
  • This quiz has been taken 22 times
  • The average score is 9 of 20
Answer Stats
Hint Answer % Correct
Who is Dexter's son? Harrison Morgan
94%
What is Dexter's boat called? Slice of Life
89%
Who does Dexter cheat on Rita with? Lila West
83%
How many members of the Barrel Girl Gang are there? 5
78%
What city is Resurrection set in? New York City
78%
How many people killed Laura Moser? 3
72%
Who killed Frank Lundy? Christine Hill
61%
Which actress plays Debra Morgan? Jennifer Carpenter
61%
What is Dexter's catchphrase? Tonight's the Night
61%
What does Dexter use to sedated his victims? M-99
50%
What is Dexter's job title? Blood Spatter Analyst
39%
Who does Dexter befriend in season 6? Brother Sam
33%
What was Dexter training to be before joining the police? Surgeon
17%
Who is Angela Bishops daughter? Audrey Bishop
11%
Who was Rita's first husband? John Alan Ackerman
11%
What is the Series finale of the original series titled? Remember the Monsters?
11%
Who is the main detective in Resurrection? Claudette Wallace
6%
How does Hannah die? Pancreatic Cancer
6%
Which actress plays Charley Brown? Uma Thurman
6%
Who is the "NHI" Killer? Brian Moser
0%
No matching quizzes found
Score Distribution
Percent of People with Each Score
Percentile by Number Answered
Your Score History
You have not taken this quiz